000 00651nam a2200277Ia 4500
005 20260121124553.0
008 008 260114s9999 xx 000 0 eng d
020 _a9781438480466
037 _aEBOOK
040 _aCRL
040 _beng
040 _cCRL
041 _2eng
041 _aeng
084 _qCRL
100 _aLapidot, Elad
_9978228
245 0 _aJews out of the Question
260 _bWalter de Gruyter
260 _bWalter de Gruyter
260 _c2020
650 _aPhilosophy
_9978229
856 _uhttp://www.degruyter.com/isbn/9781438480466
942 _cEBOOK
999 _c1555575
_d1555575